[Event "VIE-ch"]
[Site "Ho Chi Minh City"]
[Date "2009.12.13"]
[Round "5"]
[White "Nguyen, Thanh Nghia"]
[Black "Pham, Xuan Dat"]
[Result "1-0"]
[WhiteElo "2201"]
[BlackElo "2180"]
[PlyCount "103"]
[EventDate "2009.12.10"]
[EventType "swiss"]
[EventRounds "9"]
[EventCountry "VIE"]
[SourceTitle "CBM 133 Extra"]
[Source "ChessBase"]
[SourceDate "2010.01.05"]
[SourceVersion "1"]
[SourceVersionDate "2010.01.05"]
[SourceQuality "1"]

1. e4 e5 2. Nf3 Nc6 3. Bc4 Nf6 4. d3 Be7 5. 0-0 d6 6. h3 Na5 7. Bb3 0-0 8. c3 Nxb3 9. Qxb3 b6 10. Nbd2 a5 11. Re1 Nd7 12. Nf1 Nc5 13. Qc2 f5 14. d4 fxe4 15. Nxe5 dxe5 16. dxc5 Bxc5 17. Be3 Bxe3 18. Rxe3 Bb7 19. Ng3 Qd5 20. Nxe4 Rad8 21. f3 h6 22. b3 Qf7 23. Nf2 Qf4 24. Rae1 Qg3 25. Nh1 Qf4 26. Qe2 Rd6 27. Nf2 Rfd8 28. Ne4 R6d7 29. Qf2 Kh8 30. Ng3 Rd1 31. Nf1 Rxe1 32. Qxe1 Re8 33. Nd2 Re6 34. Nc4 e4 35. Nd2 Rg6 36. Nxe4 Bc8 37. Nf2 Kh7 38. Ng4 h5 39. Re4 Qf8 40. Ne5 Rg5 41. Qe3 Qf6 42. f4 Rf5 43. g4 hxg4 44. hxg4 Rxe5 45. Rxe5 Bxg4 46. Rg5 Qd6 47. Qd4 Qe7 48. Rxg4 Qe1+ 49. Kg2 Qe2+ 50. Kg3 Qe1+ 51. Qf2 Qxc3+ 52. Kh2 1-0

[Event "VIE-ch"]
[Site "Ho Chi Minh City"]
[Date "2009.12.10"]
[Round "1"]
[White "Nguyen, Thanh Nghia"]
[Black "Phan, Anh Son"]
[Result "1-0"]
[WhiteElo "2201"]
[BlackElo "2116"]
[PlyCount "101"]
[EventDate "2009.12.10"]
[EventType "swiss"]
[EventRounds "9"]
[EventCountry "VIE"]
[SourceTitle "CBM 133 Extra"]
[Source "ChessBase"]
[SourceDate "2010.01.05"]
[SourceVersion "1"]
[SourceVersionDate "2010.01.05"]
[SourceQuality "1"]

1. e4 e5 2. Nf3 d6 3. d4 Nf6 4. Nc3 Nbd7 5. dxe5 dxe5 6. Bd3 Be7 7. 0-0 0-0 8. Qe2 c6 9. Bg5 Nh5 10. Bxe7 Qxe7 11. Qe3 Nf4 12. Rfd1 Nf6 13. Bf1 Bg4 14. Rd2 b6 15. a3 Rad8 16. Rad1 Rxd2 17. Rxd2 N6h5 18. g3 Nh3+ 19. Bxh3 Bxh3 20. Qg5 Qxg5 21. Nxg5 Bg4 22. h3 Bc8 23. Rd6 h6 24. Nf3 f6 25. Kg2 Bb7 26. Nh4 Rf7 27. Nf5 Kh7 28. Rd8 Ba6 29. Nd1 Rc7 30. Nd6 g5 31. Ne8 Re7 32. Ne3 Ng7 33. Nxf6+ Kg6 34. Nd7 h5 35. Nb8 Bb7 36. Nc4 c5 37. f3 g4 38. Nd7 gxf3+ 39. Kxf3 Ne6 40. Ncxe5+ Kg7 41. Rb8 Ng5+ 42. Kf4 Nf7 43. Rxb7 Nxe5 44. Nxc5 Ng6+ 45. Kg5 bxc5 46. Rxe7+ Nxe7 47. Kxh5 Kf6 48. Kg4 Nc6 49. h4 a5 50. Kf4 Ne5 51. g4 1-0

[Event "VIE-ch U20"]
[Site "Dong Thap"]
[Date "2009.??.??"]
[Round "1.4"]
[White "Nguyen, Thanh Nghia"]
[Black "Nguyen, Viet Chung"]
[Result "0-1"]
[WhiteElo "2190"]
[BlackElo "2145"]
[PlyCount "102"]
[EventDate "2009.07.07"]
[EventType "swiss"]
[EventRounds "9"]
[EventCountry "VIE"]
[SourceTitle "EXT 2019"]
[Source "ChessBase"]
[SourceDate "2018.10.10"]
[SourceVersion "1"]
[SourceVersionDate "2018.10.10"]
[SourceQuality "1"]

1. e4 c5 2. Nf3 Nc6 3. d4 cxd4 4. Nxd4 g6 5. Nc3 Bg7 6. Be3 Nf6 7. Bc4 Qa5 8. 0-0 0-0 9. Bb3 d6 10. h3 Bd7 11. f4 Rac8 12. Qd2 Nxd4 13. Qxd4 Bc6 14. Qd3 Nd7 15. Bd4 Nc5 16. Qe3 Bxd4 17. Qxd4 Qb6 18. Rae1 e5 19. Qe3 exf4 20. Rxf4 Rce8 21. Nd5 Bxd5 22. Bxd5 Qxb2 23. Ref1 Re7 24. Qf2 Kg7 25. Rh4 f6 26. Qf4 g5 27. Qxd6 Qe5 28. Qxc5 gxh4 29. Rf5 Qc7 30. Qxa7 b5 31. Qf2 Qa7 32. Rf4 Qxf2+ 33. Kxf2 Re5 34. Rxh4 Rc8 35. Bb3 Rc3 36. Rf4 h5 37. h4 Kg6 38. g4 Rh3 39. gxh5+ Rxh5 40. Rg4+ Kh6 41. Bd5 Kh7 42. Bg8+ Kh6 43. Bf7 R5xh4 44. Rg6+ Kh7 45. Rxf6 Kg7 46. Rf5 Rxe4 47. Bb3 b4 48. Rf7+ Kg6 49. Rf8 Rhe3 50. Rg8+ Kf6 51. Rf8+ Ke7 0-1

[Event "VIE-ch U20"]
[Site "Dong Thap"]
[Date "2009.??.??"]
[Round "2.6"]
[White "Tran, Manh Tien"]
[Black "Nguyen, Thanh Nghia"]
[Result "1-0"]
[WhiteElo "2283"]
[BlackElo "2190"]
[PlyCount "73"]
[EventDate "2009.07.07"]
[EventType "swiss"]
[EventRounds "9"]
[EventCountry "VIE"]
[SourceTitle "EXT 2019"]
[Source "ChessBase"]
[SourceDate "2018.10.10"]
[SourceVersion "1"]
[SourceVersionDate "2018.10.10"]
[SourceQuality "1"]

1. c4 e5 2. Nc3 Nf6 3. Nf3 Nc6 4. a3 d5 5. cxd5 Nxd5 6. Qc2 Be7 7. e4 Nxc3 8. dxc3 a6 9. Be3 0-0 10. Be2 Be6 11. b4 Bf6 12. 0-0 h6 13. Rfd1 Qc8 14. a4 Rd8 15. Qb2 Ne7 16. c4 Ng6 17. c5 Rxd1+ 18. Rxd1 Qe8 19. Qc2 Bd7 20. Ra1 Bc6 21. Bc4 Nf8 22. Ra3 Rd8 23. h3 Ne6 24. Ra2 Nd4 25. Bxd4 exd4 26. Bd3 b5 27. axb5 Bxb5 28. Ne1 Be5 29. Qe2 c6 30. Bxb5 axb5 31. Nd3 Bb8 32. Ra6 Qe6 33. Qf3 f6 34. g3 Qc8 35. Ra8 Qxh3 36. Qf5 Qxf5 37. exf5 1-0

[Event "VIE-ch Masters Gp B"]
[Site "Dong Thap"]
[Date "2008.12.06"]
[Round "7"]
[White "Nguyen, Thanh Nghia"]
[Black "Pham, Xuan Dat"]
[Result "1/2-1/2"]
[WhiteElo "2201"]
[BlackElo "2251"]
[PlyCount "123"]
[EventDate "2008.12.02"]
[EventType "tourn"]
[EventRounds "7"]
[EventCountry "VIE"]
[SourceTitle "EXT 2019"]
[Source "ChessBase"]
[SourceDate "2018.10.10"]
[SourceVersion "1"]
[SourceVersionDate "2018.10.10"]
[SourceQuality "1"]

1. e4 e5 2. Nf3 Nc6 3. Bc4 Nf6 4. d3 Be7 5. c3 0-0 6. Nbd2 d5 7. Bb3 Bg4 8. h3 Bh5 9. Qe2 dxe4 10. dxe4 Bg6 11. 0-0 Bd6 12. Rd1 Qe7 13. Nh4 Kh8 14. g4 Bc5 15. Bc2 Rad8 16. Rf1 Ng8 17. Ndf3 f6 18. Nf5 Qe8 19. Be3 Bb6 20. Rad1 Bf7 21. b3 Rxd1 22. Rxd1 Nd8 23. Qd3 Ne6 24. h4 Qc8 25. Bxb6 axb6 26. Kf1 Be8 27. a4 g6 28. Ne3 Nf4 29. Qd2 h5 30. Nh2 Nh6 31. f3 Bc6 32. b4 Nf7 33. Ng2 Rd8 34. Qe3 Rxd1+ 35. Bxd1 Qd7 36. Bb3 Nxg2 37. Kxg2 Bxa4 38. Bxf7 Qxf7 39. Qh6+ Kg8 40. gxh5 gxh5 41. Nf1 Qg7+ 42. Qxg7+ Kxg7 43. Ne3 Bb3 44. Kf2 Be6 45. Nf1 c6 46. Ng3 Kg6 47. Ke3 Bh3 48. Nh1 Bd7 49. Nf2 Kf7 50. Nd3 Ke6 51. f4 Kd6 52. f5 c5 53. Kd2 Bb5 54. Ne1 Bc6 55. Kd3 Ba4 56. Nc2 Bb5+ 57. Ke3 cxb4 58. cxb4 Ba4 59. Na3 Kc6 60. Kd3 Bd1 61. Kd2 Bf3 62. Ke3 1/2-1/2